Feats improbables du rap français - Statistiques

Statistiques générales
  • Ce quiz a été pris 680 fois
  • Le résultat moyen est 4 sur 18
Statistiques - réponses
Rappeur ou groupe Titre Feat improbable % Correct
Bigflo & Oli Pour un pote Jean Dujardin
65%
Rohff Fais moi la passe Karim Benzema
57%
La Fouine Maux d'enfants Patrick Bruel
36%
Jul Mercé Benjamin mendy
35%
Booba Bienvenue dans le Texas Tony Parker
34%
Nekfeu Sing Ed Sheeran
32%
Doc Gyneco C'est beau la vie Bernard Tapie
29%
Booba Here Christine and the queens
28%
Orelsan Je rêve en enfer Jena Lee
18%
Alkpote Eteins la lumière Francky Vincent
17%
113 113 fout la merde Daft Punk
16%
Kery James A l'ombre du show business Charles Aznavour
14%
Disiz Metis(se) Yannick Noah
14%
Sinik Je réalise James Blunt
11%
Stomy Bugsy Le temps passe Johnny Hallyday
11%
IAM Bienvenue Beyoncé
9%
Doc Gyneco Hexagonal Renaud
7%
Zuukou Mayzie Ainsi mon frère Tom Hardy
6%
Aucun quiz correspondant
Distribution des résultats
% des personnes avec chaque résultat
Percentile par nombre de réponses
Votre historique - résultats
Vous n’avez pas pris ce quiz